Normal view
MARC view
- Electric Machinery and Transformer's
Entry Topical Term
001 - CONTROL NUMBER
- control field: 124865
003 - CONTROL NUMBER IDENTIFIER
- control field: NUST
005 - DATE AND TIME OF LATEST TRANSACTION
- control field: 20240730113918.0
008 - FIXED-LENGTH DATA ELEMENTS
- fixed length control field: 240730|| aca||aabn | a|a d
040 ## - CATALOGING SOURCE
- Original cataloging agency: NUST
- Transcribing agency: NUST
150 ## - HEADING--TOPICAL TERM
- Topical term or geographic name entry element: Electric Machinery and Transformer's
670 ## - SOURCE DATA FOUND
- Source citation: Work cat.: (NUST): Irving L. Kosow 124864, Electric Machinery and Transformer's , 1991.
